| 000 | 00373nam a22001577a 4500 | ||
|---|---|---|---|
| 003 | OSt | ||
| 005 | 20211009064305.0 | ||
| 008 | 211009b |||||||| |||| 00| 0 eng d | ||
| 020 | _a070665273 | ||
| 040 | _cHU | ||
| 082 | _a330 | ||
| 100 |
_a Samuelson, Paul A. _d1980 _911826 |
||
| 245 |
_aEconomia _c Samuelson, Paul A. |
||
| 300 |
_aXXV _bPC _c22cm |
||
| 942 |
_2ddc _cBOOKS _n0 |
||
| 999 |
_c10989 _d10989 |
||